000 00401nam a2200145Ia 4500
008 230711s9999||||xx |||||||||||||| ||und||
041 _aENG
082 _a720
_bIN-C
100 _a Indira Gandhi National Centre for the Arts
245 0 _aConcept and responses
250 _a1st . Ed.
260 _c1992
_aNew Delhi
_bIndira Gandhi National Centre for the Arts
650 _aArchitecture
942 _cBK
999 _c3922
_d3922